মা, মা, মা এবং বাবা / (Record no. 12183)
[ view plain ]
| 000 -LEADER | |
|---|---|
| fixed length control field | 00932nam a2200253 a 4500 |
| 001 - CONTROL NUMBER | |
| JCCL Control Number | 12183 |
| 003 - CONTROL NUMBER IDENTIFIER | |
| JCCL marc code | BD-JhCC |
| 005 - DATE AND TIME OF LATEST TRANSACTION | |
| control field | 20241212094704.0 |
| 008 - FIXED-LENGTH DATA ELEMENTS--GENERAL INFORMATION | |
| fixed length control field | 210323s20182020bg |||| |||| 000 0 ben d |
| 020 ## - INTERNATIONAL STANDARD BOOK NUMBER | |
| International Standard Book Number | 9789843439581 |
| 035 ## - SYSTEM CONTROL NUMBER | |
| system control number | (BD-JhCC)12183 |
| 040 ## - CATALOGING SOURCE | |
| Original cataloging agency | BD-JhCC |
| Modifying agency | BD-JhCC |
| 041 ## - LANGUAGE CODE | |
| Language code of Book | ben |
| 082 ## - DEWEY DECIMAL CLASSIFICATION NUMBER | |
| Classification number | 297.9 |
| Author mark and Year | MAM 2020 |
| 245 ## - TITLE STATEMENT | |
| Title | মা, মা, মা এবং বাবা / |
| Statement of responsibility, etc | সম্পাদনায় শাইখ আহমাদুল্লাহ এবং আরিফ আজাদ |
| 260 ## - PUBLICATION, DISTRIBUTION, ETC. (IMPRINT) | |
| Place of publication, distribution, etc | ঢাকা : |
| Name of publisher, distributor, etc | সমকালীন প্রকাশন, |
| Date of publication, distribution, etc | ২০২০. |
| 300 ## - PHYSICAL DESCRIPTION | |
| Pagination | ১৭৫ পৃ. : |
| Dimensions | ২১ সেমি. |
| 504 ## - BIBLIOGRAPHY, ETC. NOTE | |
| Bibliography, etc | গ্রন্থপঞ্জি অর্ন্তভূক্ত। |
| 650 ## - SUBJECT ADDED ENTRY--TOPICAL TERM | |
| Topical term or geographic name as entry element | Parenting |
| 650 ## - SUBJECT ADDED ENTRY--TOPICAL TERM | |
| Topical term or geographic name as entry element | Parental influences |
| 700 ## - ADDED ENTRY--PERSONAL NAME | |
| Personal name | আহমাদুল্লাহ, শাইখ |
| 700 ## - ADDED ENTRY--PERSONAL NAME | |
| Personal name | আজাদ, আরিফ |
| 942 ## - ADDED ENTRY ELEMENTS (KOHA) | |
| Source of classification or shelving scheme | Dewey Decimal Classification |
| Koha item type | Books |
| Source of classification or shelving scheme | volume number | Damaged status | Not for loan | Home library | Current library | Shelving location | Date of accession | Cost, normal purchase price | Total Checkouts | Full call number | Barcode | Date last seen | Date checked out | Copy number | Method of acquisition | Koha item type | Currency | Source of acquisition |
|---|---|---|---|---|---|---|---|---|---|---|---|---|---|---|---|---|---|---|
| Dewey Decimal Classification | V-1 | JCC Rouf Library | JCC Rouf Library | General Stacks | 03/23/2021 | 176.00 | 8 | 297.9 MAM 2020 | 16353 | 01/14/2026 | 07/30/2025 | C-1 | Purchase | Books | BDT | |||
| Dewey Decimal Classification | V-2 | JCC Rouf Library | JCC Rouf Library | General Stacks | 258.00 | 1 | 297.9 MAM 2023 | 19749 | 07/03/2025 | 06/19/2025 | C-1 | Gift/Donation | Books | BDT | With the compliments of Maj (Retd) Syed Sakhawat Hussain,07/0388/K | |||
| Dewey Decimal Classification | V-1 | JCC Rouf Library | JCC Rouf Library | General Stacks | 260.00 | 1 | 297.9 MAM 2018 | 19748 | 10/12/2025 | 06/15/2025 | C-2 | Gift/Donation | Books | BDT | With the compliments of Maj (Retd) Syed Sakhawat Hussain,07/0388/K |